000 007690000a22002650004500
003 LK-CoMWRAF
008 230817t ||||| |||| 00| 0 eng d
020 _a0839600232
040 _aLK-CoMWRAF
_dLK-CoMWRAF
_eLK-CoMWRAF
041 _aeng
082 _a410
_bHIT
100 _aHitt, William D.
245 _aEducation as a Human Enterprise
_b
260 _bCharles A.Jones Publishing Company
_a
_c1973
300 _ap.166
650 _aDeveloping Educational Objectives
650 _aEducational Model
650 _aEducational Philosophy
650 _aEffective Human Being
650 _aGuiding the Learning Process
650 _aHuman Potentialities
650 _aManaging the School System
650 _aPlanning for Educational Change
942 _cBK
999 _c1573
_d1573